| Tag |
First Indicator |
Second Indicator |
Subfields |
| LEADER |
00000cam a2200000 a 4500 |
| 001 |
in00000020691 |
| 005 |
20220103115003.0 |
| 007 |
cr unu a |
| 008 |
880718s1987 xx a b 00010 eng d |
| 035 |
|
|
|9 AAB3651AM
|
| 035 |
|
|
|a (OCoLC)18230988
|
| 040 |
|
|
|a TXA
|c TXA
|d UtOrBLW
|
| 049 |
|
|
|a TXAZ [Also in] [Archives]
|c 1 [A10944334], 2 [A10944384]
|
| 099 |
|
|
|a 1987
|a Thesis
|a B877
|
| 100 |
1 |
|
|a Brown, Bruce Gustav,
|d 1959-
|
| 245 |
1 |
4 |
|a The breakthrough time and permeation rate of multi-component solvents for selected glove materials /
|c by Bruce Gustav Brown.
|
| 264 |
|
1 |
|a [Place of publication not identified] :
|b [publisher not identified] ;
|c 1987.
|
| 300 |
|
|
|a xii, 89 leaves :
|b illustrations ;
|c 29 cm.
|
| 336 |
|
|
|a text
|b txt
|2 rdacontent
|
| 337 |
|
|
|a computer
|b c
|2 rdamedia
|
| 338 |
|
|
|a online resource
|b cr
|2 rdacarrier
|
| 500 |
|
|
|a "Major subject: Industrial Hygiene."
|
| 500 |
|
|
|a Typescript (photocopy).
|
| 500 |
|
|
|a Vita.
|
| 502 |
|
|
|b M.S.
|c Texas A&M University
|d 1987.
|
| 504 |
|
|
|a Bibliography: leaves 61-64.
|
| 530 |
|
|
|a Also available online.
|
| 650 |
|
0 |
|a Gloves
|x Testing.
|
| 650 |
|
0 |
|a Protective clothing
|x Testing.
|
| 650 |
|
0 |
|a Rubber, Artificial
|x Permeability.
|
| 650 |
|
4 |
|a Major industrial hygiene.
|
| 856 |
4 |
1 |
|u https://hdl.handle.net/1969.1/ETD-TAMU-1987-THESIS-B877
|z Link to OAKTrust copy
|t 0
|
| 999 |
|
|
|a MARS
|
| 999 |
f |
f |
|s 1482e2cb-87d4-394c-b90e-cc43dfc8dff1
|i 4fb74ca3-df2b-39e3-b1eb-e777891a972b
|t 0
|
| 952 |
f |
f |
|p noncirc
|a Texas A&M University
|b J.J. Pickle Campus
|c High Density Repository
|s HDR
|d Remote Storage
|t 0
|e 1987 Thesis B877
|h Other scheme
|i computer -- online resource
|m A14839625428
|
| 952 |
f |
f |
|a Texas A&M University
|b College Station
|c Electronic Resources
|s www_evans
|d Available Online
|t 0
|e 1987 Thesis B877
|h Other scheme
|
| 998 |
f |
f |
|a 1987 Thesis B877
|t 0
|l Remote Storage
|
| 998 |
f |
f |
|a 1987 Thesis B877
|t 0
|l Available Online
|